[Event "Madrid"]
[Site "Madrid"]
[Date "1993.??.??"]
[Round "9"]
[White "Salov, Valery"]
[Black "Illescas Cordoba, Miguel"]
[Result "1-0"]
[WhiteElo "2660"]
[BlackElo "2615"]
[Annotator "Salov,V"]
[PlyCount "63"]
[EventDate "1993.06.??"]
[EventType "tourn"]
[EventRounds "9"]
[EventCountry "ESP"]
[EventCategory "14"]
[SourceTitle "CBM 036"]
[Source "ChessBase"]
[SourceDate "1993.10.01"]
[SourceVersion "1"]
[SourceVersionDate "1993.10.01"]
[SourceQuality "1"]

1. d4 {Ftacnik Kortschnoj} d5 2. c4 c6 3. Nf3 Nf6 4. Nc3 e6 5. Bg5 dxc4 {
normally Miguel prefers more quiet lines with 5...h6} 6. e4 b5 7. e5 h6 8. Bh4
g5 9. Nxg5 hxg5 10. Bxg5 Nbd7 {This system was deeply analysed by Michail
Botvinnik and tested by him for the first time in the Moscow championship of
1943. It became well-known after the game Denker-Botvinnik,USA-USSR 1945.} 11.
exf6 Bb7 12. g3 Qb6 (12... c5 13. d5 Nb6 14. dxe6 $1 Qxd1+ 15. Rxd1 Bxh1 16. e7
a6 17. h4 $1 Bh6 18. f4 $1 $16 {Polugaevsky-Torre,Moscow 1981. This fantastic
novelty (17.h4!!) saved the move 11.ef6 from oblivion.}) 13. Bg2 O-O-O 14. O-O
c5 (14... Ne5 $5 {Provokes an extremely interesting queen sacrifice: 15.de5
Rd1 16.Rad1,probably with enough compensation for White.} 15. Qe2 {
recommendation of G.Borisenko} Qxd4 16. Be3 $1 Qd3 17. Rfd1 Qxe2 18. Rxd8+ Kxd8
19. Nxe2 $10 {Smyslov-Botvinnik,Moscow 1954 (m/5)}) 15. d5 b4 16. Na4 (16. Rb1
{This witty move of Wolfgang Uhlmann became somewhat less popular after the
gam e Yermolinsky-Ivanchuk,Pinsk 1986:} Qa6 17. dxe6 Bxg2 18. e7 Bxf1 19. Qd5
Bh6 $1 20. exd8=Q+ Kxd8 21. Ne4 Bh3 $1 $10) 16... Qb5 17. a3 (17. dxe6 {
very sharp continuation, favourite of Predrag Nikolic. It may be considered al
most refuted by several most recent games.} Bxg2 18. Kxg2 Qc6+ 19. f3 Qxe6 20.
Qc2 Ne5 21. Rae1 Rd4 $1 {the patent of Savchenko} 22. h4 Bd6 23. a3 (23. Be3 $2
Rdxh4 $1 24. gxh4 Rxh4 25. Kg1 Nd3 $40 {Rublevsky-Savchenko,Helsinki 1992}) (
23. Re4 $2 Qd5 24. Qe2 Nxf3 $1 $19 {Bareev-Oll,Moscow,rapid 1992}) (23. Re2 $1
$13 {A.Shirov}) 23... Qd5 $1 24. Qf5+ Kc7 25. Re2 Kc6 $1 $15 {and powerful
centralization gives better chances to Black,-Nikolic-Shirov,Wijk aan Zee 1993}
) 17... Nb8 18. axb4 cxb4 19. Qd4 $1 (19. Be3 {is not in fashion any more} Bxd5
20. Bxd5 Rxd5 21. Qe2 Nc6 22. Rfc1 Ne5 $1 {this powerful novelty of Alexandre
Shabalov (used by him against me on 19.06. 1983 in the international junior's
tournament in Leningrad) was a serious blow to the entire White's concept in
this system.}) (19. Qg4 Bxd5 20. Rfc1 Nc6 (20... Nd7 $2 21. Qf4 $1 {preventing
Nd7-e5} Nc5 22. Nxc5 Bxc5 23. Bf1 Kb7 24. Bxc4 Bxc4 25. Rxc4 Rd5 26. Qe4 $18 {
Magerramov-Savchenko,St.-Petersburg 1992}) 21. Bxd5 Rxd5 22. Rxc4 Kd7 23. Rd1
$5 {proposed and analysed by Rainer Knaak in the 'Schach' magazine} (23. Rac1
Rxg5 24. Qe4 Nd8 25. Qd4+ Ke8 26. Qxa7 Qa5 27. Qb8 Qxa4 28. Rd4 Rd5 $4 (28...
Qa5 $10) 29. Rxd5 exd5 30. Qc8 $1 $18 {I.Sokolov-Oll,Wijk aan Zee 1993}) 23...
Ne5 24. Rc5 $1 Nxg4 25. Rdxd5+ exd5 26. Rxb5 Nxh2 27. Kg2 Ng4 28. Rxd5+ Ke6 29.
Rd8 Rh2+ 30. Kf3 Kf5 31. Be3 $18 {Piket-Nalbandian,Biel 1993}) (19. Qg4 $14 {
Kortschnoj}) 19... Nc6 $8 {The priority of the move 19.Qd4! belongs to Helmut
Krausser. However I must ad mit my complete ignorance in this respect. I
didn't follow too closely the re- cent theoretical developments in the
Botvinnik variation.} (19... Rxd5 {Ftacnik} 20. Qxa7 Nc6 21. Nb6+ Kc7 22. Bf4+
Bd6 23. Nxd5+ exd5 24. Bxd6+ Kxd6 25. Qe3 Kc7 26. Rfe1 Rd8 27. b3 d4 28. Qf4+
Kb6 29. Re7 {1-0/Shirov,A-Oll,L (4)/Tilburg2.26 (30')/1992/}) 20. dxc6 $1 {
While executing this move I thought that I was creating something new and beau
tiful. What a self-deception!} (20. Qg4 $2 {Kortschnoj} Rxd5 $17 (20... Rxd5 $1
{Ftacnik} 21. Bxd5 Qxd5 $17)) (20. Nb6+ $6 {Ftacnik} axb6 $8 21. dxc6 Bxc6 $8
22. Bxc6 Qxc6 23. Qg4 Kb7 $1 $15) 20... Rxd4 21. cxb7+ Kc7 (21... Kb8 {this
retreat was tried already in the stemgame Krausser-Guenther,corr.1990. Ac
cording to the analysis of Helmut Krausser (Informant 49) it leads to serious
problems for Black} 22. Be3 e5 (22... Rd5 23. Bxa7+ $1) (22... Bc5 $2 23. Nxc5
Qxc5 24. Ra6 Rhd8 25. Rc6 $1 $16) 23. b3 $1 (23. Nc3 $2 bxc3 24. Rxa7 Kxa7 25.
Ra1+ Ba3 $1 26. Rxa3+ Kb6 $19) 23... c3 (23... cxb3 24. Rfc1 Bd6 25. Bxd4 exd4
26. Rc6 Bc7 $16) (23... Bh6 24. bxc4 Rxc4 25. Bxa7+ Kc7 $16) (23... Bd6 24.
bxc4 Rxc4 25. Bxa7+ Kc7 $16) 24. Rad1 $1 (24. Rfd1 Bh6 25. Bxd4 exd4 26. Rxd4
c2 27. Rc4 Qe5 $1 $44) 24... Bh6 (24... Bd6 $5 25. Bxd4 exd4 26. Rxd4 Bc7 27.
Rc4 Rh5 28. Rc1 Re5 29. Nxc3 bxc3 30. R4xc3 Qa5 31. Bf3 Rb5 $16 {H.Krausser.
Indeed, the position looks absolutely hopeless for Black. I can't imagine his
next move, for example 32.h4 Qb6 33.Re1!+-}) 25. Bxd4 exd4 (25... c2 26. Bc5 $3
cxd1=Q 27. Rxd1 Kc7 28. Bd6+ Kd7 29. Nc5+ $18) 26. Rxd4 c2 $2 (26... Bd2 $5 $16
) 27. Rc4 c1=Q 28. Rfxc1 Bxc1 29. Rxc1 $18 (29. Rxc1 {Ftacnik} Rd8 30. Nc5 a5
31. h4 Ka7 32. Na4 Rd5 33. Nb6 {1-0/Krausser,H-Guenther/corr/1990/})) (21...
Kb8 {Kortschnoj}) 22. Be3 e5 {During the game I considered this move a mistake
and calculated mainly the lin es starting with 22...Rd5. However, the best I
can do now is just to reproduce the analysis of this continuation by Krausser}
(22... Rd5 23. Bxa7 $1 {I pondered over 23.Rfb1!? as well} Bd6 (23... Qxb7 24.
Nb6 $16) (23... Kxb7 24. Nb6 Bd6 (24... Bh6 25. Nxd5 exd5 26. Rfe1 $1 Rc8 27.
Re7+ {27.Re5! looks quite strong also} Kc6 28. Bd4 $16) 25. Rfd1 $1 (25. Rfc1
$2 {Ftacnik} Rc8 $1 $17) 25... Rhh5 26. Rdc1 $1 $16) 24. Nb6 Bc5 $1 25. Nxd5+
exd5 26. b8=Q+ Rxb8 27. Bxb8+ Kxb8 28. Bxd5 Bxf2+ $14 {Very impressive! I
would not like to play a correspondence game with Helmut!}) (22... Bc5 {
Kortschnoj} 23. Nxc5 Qxc5 24. Rad1 (24. Ra6 {Kortschnoj} Kb8 25. Rc6 Qh5 26. h4
$146) 24... Rhd8 $13) 23. Nc3 $1 {Only this move is new. Now Black is forced
to accept the knight sacrifice} (23. b3 c3 (23... Bh6 {Ftacnik} 24. Bxd4 exd4
25. bxc4 $16) 24. Rfc1 $1 {improvement of Krausser; his main lines go as
follows:} (24. Rad1 $2 {following the course of the game Krausser-Guenther,
but with one significant d ifference - the black king is much better placed on
c7 than on b8} Rxd1 25. Rxd1 Bh6 $1 {now this move becomes possible} 26. Bc5 c2
27. Bd6+ Kd7 28. Bh3+ Ke8 29. Re1 Qxb7 30. f4 Qd5 31. Bxe5 Qd1 {0-1,
Maiwald-Shabalov,Neu-Isenburg 1992}) 24... Bc5 $1 25. Nxc3 bxc3 26. Rxc3 Rhd8
27. Bf3 $1 Rb8 (27... R8d5 28. Bxd5 Rxd5 29. Rac1 Kxb7 30. Rxc5 Rxc5 31. Rxc5
Qxb3 32. Rxe5 $16 {as Black has no perpetual check after 32...a5 33.Ra5 Qb1+
34.Kg2 Qe4+ 35.Kh3,- such assessment seems to be correct}) 28. Rac1 Kb6 29.
Rxc5 {more restrained approach-29.h4-deserves serious attention as well,-the
black pieces are tied and hardly can move} Qxc5 30. Rxc5 Kxc5 31. Kf1 Kb4 32.
Bxd4 exd4 33. Ke2 {in this endgame after 33...Kc3! Black is still fighting})
23... bxc3 24. bxc3 Rd6 $2 {Loses immediately. Black had a wide range of
alternatives, but only one was good} (24... Bh6 25. Bxh6 Rxh6 26. cxd4 $18) (
24... Qc5 25. Rfb1 Bd6 26. Ra6 $1 Rb8 27. h4 $1 {with extra queen Black is in
zugzwang! neither of his pieces can move now,e.g. 27...Kd7 28.cd4 ed4 29.Rd6
Qd6 30.Bf4 and wins.}) (24... Bb4 25. cxd4 exd4 26. Bxd4 $18) (24... Bc5 $1 {
this was the only defence - Black's idea is to destroy the white king's shelte
r after 25.Rfb1 Rd1+ 26.Rd1 Be3 27.fe3. In my opinion White retains advantage
in this line as well.}) (24... Rd8 {Kortschnoj} 25. Rfb1 Qd7 (25... Qe8 {
Ftacnik} 26. Bxa7 (26. b8=Q+ Rxb8 27. Rxa7+ Kd6 28. Rd1+ Ke6 29. Ra6+ Kf5 30.
Bc6 Rd8 31. Bxe8 Rxd1+ 32. Kg2 Rd6 33. Rxd6 Bxd6 34. Bxf7 Rc8 35. Bd5 Kxf6 36.
h4 $16) 26... Bd6 27. b8=Q+ Rxb8 28. Rxb8 Qxb8 29. Bxb8+ Rxb8 30. Bd5 $18) 26.
b8=Q+ $18) 25. Rab1 $1 (25. Rfb1 $2 Ra6 $1 26. Rxb5 Rxa1+ 27. Bf1 Bd6 {still
leaves some hope to Black}) 25... a6 (25... Qb3 26. Rxb3 cxb3 27. Bxa7 Bh6 28.
Rb1 $18) (25... Qe8 26. Bxa7 Rd8 27. Bb6+ $18) 26. Rxb5 axb5 27. Ra1 $1 Rd8 (
27... Rxf6 {Ftacnik} 28. Ra8 Bg7 29. Rxh8 Bxh8 30. Ba7 $18) 28. Be4 $1 Bh6 29.
Bc5 Bf8 (29... Bd2 {would have allowed a very nice finish to the game} 30.
b8=Q+ Rxb8 (30... Kxb8 31. Bb6 $1 Kc8 32. Bc6 $1 {with mate on the next move})
31. Ra7+ Kc8 32. Bf5+ Kd8 33. Be7+ Ke8 34. Bd7#) 30. Ba7 $1 (30. b8=Q+ {
is not so strong any more in view of} Rxb8 (30... Kxb8 31. Bb6 $18) 31. Ra7+
Kc8 $1 (31... Kc8 {Ftacnik} 32. Bf5+ Kd8 33. Bxf8 Rxf8 34. h4 $18)) 30... Bh6 (
30... Bd6 {Ftacnik} 31. b8=Q+ Rxb8 32. Bxb8+ Rxb8 33. Ra7+ $18) 31. Ra6 {
threatening Ba7-b6+} (31. b8=Q+ {Ftacnik} Rxb8 32. Bxb8+ Rxb8 33. Ra7+ Kb6 34.
Rxf7 Bd2 $132) 31... Rb8 (31... Bd2 {Ftacnik} 32. Bb6+ Kd7 33. Bxd8 Rxd8 34.
Ra8 $18) 32. Rb6 $1 {Black loses after 32...Bd2 33.Rb5 Bc3 34.Rc5+ Kd7 35.Bb8
Rb8 36.Rc8!} (32. Rb6 {Ftacnik} Bd2 33. Rxb5 Bxc3 34. Rc5+ Kd6 35. Bxb8+ Rxb8
36. Rc8 $18) 1-0

[Event "China Chess King 1st"]
[Site "Taizhou"]
[Date "2015.11.25"]
[Round "1.2"]
[White "Wang, Yue"]
[Black "Bu, Xiangzhi"]
[Result "0-1"]
[WhiteElo "2729"]
[BlackElo "2710"]
[Annotator "Schulz,Andre"]
[PlyCount "62"]
[EventDate "2015.11.24"]
[EventType "k.o."]
[EventRounds "3"]
[EventCountry "CHN"]
[SourceTitle "CBM 170"]
[Source "ChessBase"]
[SourceDate "2016.01.15"]
[SourceVersion "1"]
[SourceVersionDate "2016.01.15"]
[SourceQuality "1"]

1. d4 d5 2. c4 c6 3. Nf3 Nf6 4. Nc3 e6 5. Bg5 dxc4 6. e4 b5 7. e5 h6 8. Bh4 g5
9. Nxg5 hxg5 10. Bxg5 {Die Botwinnik-Variante sieht man heute eher selten.} Be7
({Die Hauptvariante entsteht nach} 10... Nbd7) 11. exf6 Bxf6 12. Bxf6 (12. Be3
{kommt auch vor.}) 12... Qxf6 13. g3 Na6 {[#]} (13... Bb7) 14. a4 {Kam bisher
kaum vor.} ({Der Hauptzug ist} 14. Bg2 Bb7 15. Nxb5 ({Die Alternative ist} 15.
Ne4 Qe7 16. O-O O-O-O 17. a4 f5 18. axb5 cxb5 19. Rxa6 Bxa6 20. Nc5 Qxc5 21.
dxc5 Rxd1 22. Rxd1 b4 23. Ra1 Rd8 24. Bf1 Bb5 25. b3 c3 26. Bxb5 c2 27. Be2 a5
28. Rc1 Rd2 29. Kf1 {1-0 (29) Nakamura,H (2767)-Aronian,L (2797) Saint Louis
2014}) 15... O-O-O 16. Qa4 cxb5 17. Bxb7+ Kxb7 18. Qxb5+ Ka8 19. Qc6+ Kb8 20.
Qb5+ Ka8 21. Qc6+ Kb8 22. Qb5+ Ka8 {1/2-1/2 (22) Svidler,P (2740)-Lu,S (2595)
Ningbo 2015}) 14... Nb4 15. axb5 cxb5 16. Nxb5 Kf8 {Rochade ist in dieser
Variante sowieso eine Utopie, insofern ist das ein logischer Zug auf die
weiße Gabeldrohung.} 17. Qd2 a5 {[#]} 18. Bxc4 $2 {Dafür war keine Zeit, der
Läufer fehlt bei der Verteidigung der weißen Felder und der Zug öffnet
Schwarz auch noch die c-Line.} (18. Bg2 {war nicht möglich:} Nd3+ 19. Kf1 Rb8
$19) ({Richtig war} 18. Be2 Bb7 19. f3 ({Nicht} 19. O-O $4 Rxh2 20. Kxh2 Qh8+
21. Kg1 Qh1#) 19... Nd3+ 20. Bxd3 Qxf3 21. Rf1 Qxd3 22. Qxd3 cxd3 $11 {Mit
gleichen Chancen und Spielmöglichkeiten für beiden Seiten.}) 18... Bb7 19. f3
$2 {Noch ein Fehler.} ({Nicht schön, aber besser war} 19. Rf1 Rxh2 20. Rxa5 (
20. Rc1 Bg2 21. Rg1 Bd5 $19) 20... Nc2+ 21. Kd1 Rxa5 22. Qxa5 Bg2 23. Rg1 Be4
$17) 19... Rc8 {Es stellt sich heraus, dass der Lc4 nun gar nicht ziehen kann.}
20. Qc3 (20. b3 Rxc4 21. bxc4 Qxf3 22. Rf1 Nd3+ $19) 20... Rxc4 21. Qxc4 Qxf3
22. Kd2 {[#]} (22. Rf1 Nd3+ $19 {Damenverlust oder Matt.}) 22... Rh5 $1 {
Ein nüzlicher Wartezug. Was soll Weiß jetzt ziehen?} 23. Rhe1 (23. Nd6 Qf2+
24. Qe2 Qxd4+ 25. Ke1 Re5 $19) (23. h4 Qf2+ 24. Qe2 Qxe2+ 25. Kxe2 Bxh1 26.
Rxh1 Rxb5 $19) 23... Rxh2+ 24. Re2 Bd5 25. Qc8+ Kg7 26. Rxh2 Qd3+ 27. Ke1 Qxg3+
28. Rf2 Nd3+ 29. Ke2 Nxf2 30. Qc3 Qg2 31. Ke1 Ne4 0-1

[Event "USA-ch"]
[Site "Saint Louis"]
[Date "2009.05.13"]
[Round "6"]
[White "Krush, Irina"]
[Black "Becerra Rivero, Julio"]
[Result "1-0"]
[WhiteElo "2452"]
[BlackElo "2609"]
[Annotator "Schulz,Andre"]
[PlyCount "80"]
[EventDate "2009.05.08"]
[EventType "swiss"]
[EventRounds "9"]
[EventCountry "USA"]
[SourceTitle "CBM 130"]
[Source "ChessBase"]
[SourceDate "2009.05.20"]
[SourceVersion "1"]
[SourceVersionDate "2009.05.20"]
[SourceQuality "1"]

1. d4 d5 2. c4 c6 3. Nf3 Nf6 4. Nc3 e6 5. Bg5 dxc4 ({Derzeit beliebter ist} 
5... h6 {und nun:} 6. Bh4 (6. Bxf6 {= Moskauer Variante}) 6... dxc4 7. e4 g5 8.
Bg3 b5 {mit einer ähnlichen Position wie in der Botvinnik-Variante, nur hat
Schwarz hier einen Bauern mehr und nicht weniger.}) 6. e4 b5 7. e5 h6 8. Bh4 g5
9. Nxg5 hxg5 10. Bxg5 Nbd7 11. exf6 Bb7 12. g3 c5 13. d5 Qb6 {Der spielbare
Pfad für Schwarz ist in dieser Variante sehr dünn. Allerding wird auch von
Weiß ausgezeichnetes Variantengedächtnis verlangt.} 14. Bg2 b4 15. Na4 Qa6 16.
O-O O-O-O 17. a3 Bxd5 18. Bxd5 Ne5 19. axb4 Rxd5 20. Qe2 cxb4 21. Nc3 Ra5 ({
Eine berühmte Vorgängerpartie mit hübschen Endspielbildern ist:} 21... Qc6 22.
Nxd5 Qxd5 23. f3 Bc5+ 24. Kg2 Nd3 25. h4 Kb7 26. Ra5 Qd4 27. b3 Bb6 28. Ra2 c3
29. Rd1 Rd8 30. h5 a5 31. g4 Nf4+ 32. Bxf4 Qxd1 33. Qxd1 Rxd1 34. h6 Ka6 35. g5
Rd8 36. Kf1 Bd4 37. Ke2 e5 38. Be3 Kb5 39. h7 Rh8 40. Bxd4 exd4 41. g6 fxg6 42.
f7 Kc6 43. Kd3 Kd7 44. Re2 a4 45. Re8 axb3 46. Rxh8 b2 47. Rd8+ {1-0 Ivanchuk,
V (2695)-Shirov,A (2740)/Novgorod 1994/CBM 043}) 22. Rxa5 Qxa5 23. Ne4 Nd3 24.
Be3 (24. Rd1 Qe5 25. Rxd3 cxd3 26. Qxd3 Qd5 27. Qc2+ Kb7 28. h4 Bh6 29. Nc5+
Kb6 30. Na4+ Kb5 31. Bxh6 Rxh6 32. b3 Rxf6 33. Qe2+ Ka5 34. Nb2 Kb6 35. Nc4+
Kb7 36. Qe1 a5 37. Qe3 e5 38. h5 e4 39. h6 Qd1+ 40. Kh2 Qh5+ 41. Kg1 Qd1+ 42.
Kh2 Qf3 43. Nxa5+ Ka6 {0-1 Rewitz,P (2263)-Kristensen,K (2244)/Silkeborg 2009/
Mega2009 Update 14}) (24. b3 Qe5 25. Rc1 Nxc1 26. Qxc4+ Qc7 27. Qxc1 Qxc1+ 28.
Bxc1 a5 29. g4 Kd7 30. Kg2 Bd6 31. f4 Rc8 32. Be3 a4 33. Nxd6 Kxd6 34. bxa4 Kd5
{0-1 Lutz,C (2595)-Piket,J (2560)/Cologne 1994/CBM 042}) 24... Qh5 25. f3 {
Kaum zu glauben, aber das ist alles schon einmal da gewesen, laut
Online-Datenbank sogar schon in zehn Vorgängerpartien, allerdings zumeist in
Fernpartien.} Qe5 {Der erste echte neue Zug.} (25... a5 26. b3 a4 27. h4 Qe5 ({
Die einzige bekannte Nahpartie verlief so:} 27... axb3 28. Bg5 Qg6 29. Rc1 b2
30. Rxc4+ Bc5+ 31. Nxc5 {1/2-1/2 Rahman,Z (2517)-Gaston,S (2269)/Paris 2002/
CBM 089 ext}) 28. bxc4 Nc5 29. Kg2 Rg8 30. Bxc5 Bxc5 31. Rd1 b3 32. h5 Qc7 33.
Qb2 Qf4 34. h6 Qe3 35. Nxc5 Qxc5 36. h7 Rh8 37. Qd2 Qf5 38. Qd7+ Kb8 39. Qd8+
Rxd8 40. Rxd8+ Kc7 {1-0 Daus,P (2401)-Moreno Carretero,C (2444)/ICCF email
2007/Corr 2008}) 26. Qc2 Qb5 ({Kritisch ist auch} 26... Nxb2 27. Rb1 b3 28.
Qxb2 Qxb2 29. Rxb2 a5 {z.B.:} 30. Rb1 (30. Nc3 Bb4 31. Na4 Kc7 32. Nb6 c3 33.
Rxb3 c2 34. Rb2 c1=Q+ 35. Bxc1 Kxb6 36. h4 $14) 30... Bb4 (30... a4 31. Nd2 c3
32. Nxb3 c2 33. Rb2 axb3 34. Rxb3 $16) 31. Bd2 Rd8 32. Bxb4 axb4 33. Kf1 c3 34.
Nxc3 bxc3 35. Rxb3 Rd3 36. Ke2 Rd2+ 37. Ke3 Rxh2 38. Rxc3+ Kd7 $14) 27. b3 (27.
Bxa7) 27... c3 28. Bxa7 Rh5 29. Be3 Qa6 {mit der Idee Th5-a5-a2} 30. Bg5 {
Die Stellung ist ziemlich unklar, aber Weiß scheint die besseren Chancen zu
besitzen: Der schwarze König steht im Freien, der Th5 ist abgeschnitten, der
Lf8 ist nicht entwickelt. Dem gedeckten schwarzen Freibauern auf c2 steht
langfristig die starke weiße Bauernmajorität am Königsflügel gegenüber.} (30.
Rd1 $5) 30... Ne5 (30... Nc5 31. h4 Nxe4 32. Qxe4 Bc5+ 33. Kg2 {war angesichts
des Partieverlaufs vielleicht besser.}) 31. h4 Rh8 $2 {Schwarz findet keinen
Einsatzort für den Läufer und tauscht diesen jetzt in einem zeitraubenden
Manöver ab. Das führt aber geardewegs in den Verlust. Andererseits behindert
der Lf8 auch sehr nachhaltig den schwarzen Turm.} (31... Qd3 $5) 32. Kg2 Bh6
33. Bxh6 Rxh6 34. Rd1 Rh8 $2 ({Nötig war es, denn Springer e5 gedeckt zu
halten:} 34... Rh5 {auch wenn die schwarze Stellung nach} 35. Nd6+ Kc7 36. Qe4
{zum Jubeln keinerlei Anlass gibt.}) 35. Nd6+ (35. Rd6 $5 Qa8 (35... Qa5 36. f4
Nd7 37. Qd3 $18) 36. Qf2 $18) 35... Kb8 ({Oder} 35... Kc7 36. Qe4 Ng4 $5 (36...
Nd7 {verliert} 37. Nxf7 Rf8 38. Rxd7+ Kxd7 39. Qd4+ Ke8 (39... Kc7 40. Qc5+ Qc6
41. Qxf8 c2 42. Qe7+ Kb6 43. Qxb4+ Qb5 44. Qxb5+ Kxb5 45. Nd6+ Kb4 46. f7 c1=Q
47. f8=Q $18) 40. Qd8+ Kxf7 41. Qe7+ Kg6 42. Qg7+ Kf5 43. Qg5#) 37. fxg4 Rd8
38. Ne8+ (38. g5 Rxd6 39. Rxd6 Qxd6 40. g6 Qd2+ 41. Kh3 c2 42. Qc4+ Kd7 43.
gxf7 c1=Q 44. Qxc1 Qxc1 45. f8=Q Qf1+ $11) 38... Rxe8 39. Qe5+ Kc8 40. Qc5+ ({
Nicht} 40. Rd6 $2 Qb7+ 41. Kh2 Qc7 42. Qb5 Qxd6 43. Qxe8+ Kb7 44. Qxf7+ Kb6 45.
Qe7 Qd2+ 46. Kh3 c2 47. f7 c1=Q 48. Qxe6+ Ka7 49. Qe7+ Kb6 50. Qe6+ Ka7 $11 (
50... Qc6 $2 51. Qxc6+ Kxc6 52. f8=Q $18 {und Schwarz hat kein Dauerschach.}))
40... Kb8 41. Qxb4+ Qb7+ 42. Qxb7+ Kxb7 43. Rc1 Rc8 44. g5 $18) 36. Qe4 Nc6 37.
Nxf7 Rf8 38. Ne5 Nxe5 39. Qxe5+ Ka8 40. Rd6 Qa7 1-0